Comentario a las leyes de desvinculación / (Record no. 161217)

MARC details
000 -LEADER
campo de control de longitud fija 00906nam a2200217 i 4500
001 - NÚMERO DE CONTROL
campo de control 161217
003 - IDENTIFICADOR DE NÚMERO DE CONTROL
campo de control ES-MaACL
005 - FECHA Y HORA DE LA ÚLTIMA TRANSACCIÓN
campo de control 20240419183719.0
008 - DATOS DE LONGITUD FIJA--INFORMACIÓN GENERAL
campo de control de longitud fija 950308s1845 sp |||| | spa d
100 1# - ENTRADA PRINCIPAL--NOMBRE DE PERSONA
Nombre de persona Pacheco, Joaquín Francisco,
Fechas asociadas al nombre 1808-1865
9 (RLIN) 88121
245 10 - MENCIÓN DEL TÍTULO
Título Comentario a las leyes de desvinculación /
Mención de responsabilidad, etc. por Joaquín Francisco Pacheco.
250 ## - MENCION DE EDICION
Mención de edición 2ª ed.
260 ## - PUBLICACIÓN, DISTRIBUCIÓN, ETC.
Lugar de publicación, distribución, etc. Madrid :
Nombre del editor, distribuidor, etc. [s.n.],
Fecha de publicación, distribución, etc. 1845 (
Fabricante Imp. de la Sociedad Literaria y Tipográfica)
300 ## - DESCRIPCIÓN FÍSICA
Extensión 178 p. ;
Dimensiones 22 cm.
530 ## - NOTA DISPONIBLE DE FORMULARIO FÍSICO ADICIONAL
Nota de formato físico adicional disponible Disponible en formato digital.
650 #4 - PUNTO DE ACCESO ADICIONAL DE MATERIA--TÉRMINO DE MATERIA
Término de materia o nombre geográfico como elemento de entrada Desamortización-
Subdivisión geográfica España-
Subdivisión cronológica S.XIX.
9 (RLIN) 175838
852 4# - LOCALIZACIÓN
Ubicación ES-MaACL
Número de control de estantería G-4792
Nota libre - Enc. pasta española
852 4# - LOCALIZACIÓN
Ubicación ES-MaACL
Número de control de estantería E-13128(2)
Nota libre - Enc. hol., enc. con otras obras
856 4# - LOCALIZACIÓN Y ACCESO ELECTRÓNICOS
Identificador Uniforme de Recursos <a href="http://www.bibliotecavirtualdeandalucia.es/catalogo/es/consulta/registro.do?id=8726">http://www.bibliotecavirtualdeandalucia.es/catalogo/es/consulta/registro.do?id=8726</a>
Nota pública Biblioteca Virtual de Andalucía
Holdings
Estatus retirado Estado de pérdida Estado de daño No para préstamo Colección Biblioteca de origen Biblioteca actual Ubicación en estantería Fecha de adquisición Total de préstamos Signatura topográfica completa Código de barras Visto por última vez Precio de reemplazo Tipo de ítem Koha Fuente de adquisición
        Colección digital Biblioteca del Ateneo de Madrid Biblioteca del Ateneo de Madrid Depósito 2 17/01/2008   E-13128(2) 1168862 23/02/2023 23/02/2023 Libro impreso antiguo  
        Colección digital Biblioteca del Ateneo de Madrid Biblioteca del Ateneo de Madrid Depósito 2 17/01/2008   G-4792 1168861 23/02/2023 23/02/2023 Libro impreso antiguo